000 00918nac a22002657a 4500
001 BR8203251
003 BR-BrBNA
005 20240105115338.0
008 230509b bl.|||m| |||| 00| 0 por d
040 _aBR-BrBNA
_bpor
_cBiblioteca Nacional de Agricultura
072 _aL10
090 _a5217 BR8203251
100 1 _aCosta, N.L. da
100 1 _aMedeiros, E.L. de
100 1 _aSouza, R.M. de
110 1 _aUnidade de Execucao de Pesquisa de Ambito Estadual de Pelotas, RS (Brasil)
_910370
245 1 _aSistemas de producao de bubalinos para carne. Observacoes preliminares
260 3 _aPelotas, RS (Brasil):
_c1982.
300 _a5 p.
490 _aPesquisa em Andamento - Unidade de Execucao de Pesquisa de Ambito Estadual de Pelotas (Brazil)
_vno. 8
_xISSN 0100-6215
650 _aBUFALO
650 _aCRUZAMENTO ANIMAL
909 _a202312
_bLúcia Elande
_c55
_dLúcia Elande
942 _2AGRIS
_n0
_cMS
999 _c274396
_d274396